000 00567nam a2200217Ia 4500
003 OSt
005 20230606152252.0
008 210324s9999||||xx |||||||||||||| ||und||
040 _cSTCPL
041 _aENG
082 _a541.224
_bLIN-N
100 _aPaulling, Linus
245 4 _aThe nature of the chemical bond /
_cby Linus Paulling
260 _aNewyork :
_bCornell University Press ,
_c1948 .
300 _a450 p.
_bHB
650 _achemistry
650 _aChemical elements
650 _aChemistry, Physical and theoretical
942 _cBK
942 _2ddc
999 _c6287
_d6287